Le seigneur des anneaux répliques - Statistiques

Statistiques générales
  • Ce quiz a été pris 6 526 fois
  • Le résultat moyen est 12 sur 15
Statistiques - réponses
Répliques Personnage % Correct
"Plutôt mourir que de confier l'anneau aux mains d'un elfe !" Gimli
96%
"Attendez ma venue aux premières lueurs du cinquième jour. A l'aube, regardez à l'est." Gandalf
94%
"Mon précieux." Gollum
93%
"Un soleil rouge se lève. Beaucoup de sang à du couler cette nuit..." Legolas
90%
"Je ne peux le porter pour vous, mais je peux vous porter vous !" Sam
88%
"Chouette... où est-ce qu'on va ?" Pippin
86%
"Je préfère passer une vie de mortelle avec vous que de devoir affronter tous les âges de ce monde toute seule" Arwen
84%
"Je ne connais pas la moitié d'entre vous autant que je le voudrais, mais j'aime moins la moitié d'entre vous à moitié moins que vous ne le méritiez !" Bilbo
80%
"Je vous aurais suivi mon frère, mon capitaine, mon roi." Boromir
79%
"Le Mordor Gandalf, c'est à gauche ou à droite ?" Frodon
78%
"L'homme le plus puissant peut être tué par une flèche... Et Boromir a été touché par plusieurs." Aragorn
63%
"Même la plus petite personne peut changer le cours de l'avenir" Galadriel
60%
"Tout ce que nous avons a décidé, c'est ce que nous devons faire du temps qui nous est imparti" Gandalf
58%
"Il y a du bon dans ce monde, et il faut se battre pour y arriver" Sam
58%
"Le jeune périt et le vieux s'attarde." Theoden
43%
Aucun quiz correspondant
Distribution des résultats
% des personnes avec chaque résultat
Percentile par nombre de réponses
Votre historique - résultats
Vous n’avez pas pris ce quiz